00882nam a2200277Ia 4500008004100000020001800041050001000059050001400069100001600083245004300099245001600142260001000158260001300168260000900181300002000190300002000210300001000230500003300240650002500273650002700298650001600325700006900341700006500410999001900475952011000494171025s9999 xx 000 0 und d a9780761114055 a658.3 bN424 1999 aNelson, Bob a1001 ways to take initiative at work / cBob Nelson. aUSA : bWorkman, c1999 axv, 240 pages : billustrations ; c20cm. aIncludes index and appendix. aEmployee motivation. aIndustrial efficiency. aLeadership. aTitle : One thousand and one ways employees can take initiative. aTitle : One thousand one ways employees can take initiative. c344531d344531 001040aSSISMbSSISMd2017-10-25l0oSHS 658.3 N424 1999pSSISM3584r2017-10-25 00:00:00w2017-10-25yBK